000 00872cab a2200229 4500
001 ABS67615
008 040323n2004 000 0 eng u
035 _a(Sirsi) u125525
100 _aMylius, A.
245 _aDirty dozen
260 _c2004
490 _aNew Civil Engineer
_v(1517) 5 February 2004, 20(1)
520 _aInvestigates the possibility that coal burning power generators may only last for another 12 years. At present, coal fuels a third of UK electricity but the effects of environmental pressure and clampdown on carbon dioxide emissions means that coal fired power stations will be closed down.
590 _aABS
650 _aCOAL
650 _aCOAL-FIRED POWER STATIONS
650 _aCARBON EMISSIONS
650 _aCARBON TRADING
650 _aELECTRICITY GENERATORS
690 _aENVIRONMENTAL AND LAND CONSULTANCY-ENERGY
942 _n0
999 _c74290
_d74290